Grettier's Saga

Bibliographic Details
Format: Book
Language:English
PhysicalDescription:13, 199, [2] s., [12] s. fot. príl. 8°
Published: Toronto University of Toronto Press 1985
Subjects:

MARC

LEADER 00000nam a2200000 a 4500
001 vtls001368496
003 SK-MaSNL
005 20260302034146.0
008 210928s1985 CA 0 eng
035 |a SNK000322201 
040 |a SNK  |b slo  |c SNK  |e AACR2 
041 0 |a eng 
044 |a CA 
080 |a 398.2(491)"13"  |2 1981 
245 1 |a Grettier's Saga  |c transl. by Denton Fox and Hermann Pálsson 
260 |a Toronto  |b University of Toronto Press  |c 1985 
300 |a 13, 199, [2] s., [12] s. fot. príl.  |c 8° 
650 0 7 |a ságy rodové islandské  |2 SNK  |9 685371 
958 |a RK 
958 |a OND 
999 |c 1064997  |d 1066927 
952 |t P60, <04>, [BOOK], {604}  |a SNK  |b SNK  |y VYP  |7 0  |o snkIC 107293  |i snkV 426/88  |0 0  |1 0  |4 0  |d 1999-07-20  |l 0  |r 2005-01-02 00:00:00  |w 2026-02-24